000 00664nam a2200241 i 4500
001 C2-0095628
003 PPAK
005 20180727093223.0
008 970515s1991 enka|||| ||||| | eng d
040 _aPPAK
_beng
_cPPAK
_erda
082 0 4 _a953.67
_223
090 0 0 _a953.67
_bSTA
_dR
100 1 _aStanwood, Frederick,
_eauthor
245 1 4 _aThe gulf war :
_ba day-by-day chronicle
264 1 _aLondon :
_bHeinemann ,
_c1991
300 _a[128 pages] :
_bcolour illustrations ;
_c29 cm
336 _2rdacontent
_atext
337 _2rdamedia
_aunmediated
338 _2rdacarrier
_avolume
650 1 0 _aKuwait History
700 _eauthor
942 _ddc
_cB
999 _c20337
_d20337